000 00447pab a2200169 454500
008 180718b2002 xxu||||| |||| 00| 0 eng d
100 _aMishra, S.N.
245 _aDevelopment of rural infrastructure with special reference to telecommunication
260 _c2002
300 _ap.22-27.
362 _aMay
650 _aTelecommunications
650 _aRural development
700 _aPal, Chaitali
773 _aKurukshetra
909 _a52260
999 _c52260
_d52260